Statistics for Footloose The Musical Quiz #4: Finish The Lyric

Click here to take the quiz!

General Stats

  • This quiz has been taken 13 times
  • The average score is 5 of 14

Answer Stats

HintAnswer% Correct
Finish the lyric: "Been working so hard, I'm _____ __ ____.""punching my card"
100%
Finish the lyric: "Mama says, it doesn't matter, if you're a king, or you're a _____.""clown"
70%
Finish the lyric: "Somewhere after midnight __ __ _______ ______...""in my wildest fantasy"
50%
Finish the lyric: "Can you find it in your soul __ _______ ___?""to forgive her"
50%
Finish the lyric: "Running away will never make you ____.""free"
40%
Finish the lyric: "I called the doctor he said, 'Son, _ ______ _____ ___ _ ____!""I cannot offer you a pill"
40%
Finish the lyric: "And on my 23rd try, I finally ____ __ ___ OR ______ __ ___!""zipped my fly/tied my tie"
40%
Finish the lyric: "Yeah, he likes to pretend he's a ___ _____ ___...""man among men"
30%
Finish the lyric: "Somebody's out there _______ ___ ___ ____.""waiting for the show"
30%
Finish the lyric: "That I'd spend all of my time saying '____ ____ ____ __ __ ____ __ ____!""ainh ainh ainh, no no, don't do that"
20%
Finish the lyric: "And in your arms __________ ___ __ ___ ____,""salvation's not so far away"
20%
Finish the lyric: "Something in the ozone _______ __ __ ________...""shivers up my backbone"
20%
Finish the lyric: "Watching how the dust ______ ___ ___ ____.""dances out the door"
10%
Finish the lyric: Maybe he's no casanova _____ ___ ______ ____ __ ____!""still his kisses knock me ovah"
10%

Score Distribution

Percentile by Number Answered

Percent of People with Each Score

Your Score History

You have not taken this quiz